| 000 | 00494nam a2200193Ia 4500 | ||
|---|---|---|---|
| 003 | LK-CoDNM | ||
| 005 | 20240821092027.0 | ||
| 008 | 010623t1921 xxu||||| |||| 00| 1 eng d | ||
| 040 |
_aLK-CoDNM _dLK-CoDNM _eLK-CoDNM |
||
| 041 | _aeng | ||
| 080 |
_a7 _bH5 |
||
| 100 | _aLaw,Narendra Nath | ||
| 245 | _aAspects of ancient Indian Polity | ||
| 260 |
_bOxford University Press _aLondon _c1921 |
||
| 300 | _bXX, 228P. ; 21 cm | ||
| 650 | _aIndian History | ||
| 650 | _aPolitics | ||
| 942 | _cBK | ||
| 999 |
_c90405 _d90405 |
||